Complete poetical works (Record no. 1711)

MARC details
000 -LEADER
fixed length control field 00414nam a2200121 4500
082 ## - DEWEY DECIMAL CLASSIFICATION NUMBER
Classification number 821.7
Item number KEA
100 ## - MAIN ENTRY--PERSONAL NAME
Personal name Keat, John
245 ## - TITLE STATEMENT
Title Complete poetical works
Statement of responsibility, etc. by John Keats and Percy Bysshe Shelley ;w ith the explanatory notes of Shelley's Poems by Mrs. Shelly
260 ## - PUBLICATION, DISTRIBUTION, ETC.
Place of publication, distribution, etc. New York
Name of publisher, distributor, etc. Modern Library
Date of publication, distribution, etc. [19..?]
300 ## - PHYSICAL DESCRIPTION
Extent viii, 914p. 21cm.-
490 ## - SERIES STATEMENT
Series statement Modern Libray giant
710 ## - ADDED ENTRY--CORPORATE NAME
Corporate name or jurisdiction name as entry element Shelley, Percy Bysshe
Holdings
Withdrawn status Lost status Damaged status Not for loan Collection code Home library Current library Date acquired Total Checkouts Full call number Barcode Date last seen Price effective from Koha item type Date last checked out Copy number
        ACADEMIC STAFF COLLEGE North Eastern Hill University North Eastern Hill University 18/11/2011   821.7 KEA 813 18/11/2011 18/11/2011 Books    
        ENGLISH North Eastern Hill University North Eastern Hill University 18/11/2011 1 821.7 KEA A2323 14/06/2017 18/11/2011 Books 14/06/2017 ;1